000 00674nam a2200193 a 4500
003 0
005 20250310103329.0
008 090710s19uu xx 00 eng d
050 _aPHS HQ 755.8
_b.An531 2009
100 _aAn, Reena.
245 _aKorean and Filipino parent-child relationships /
_cReena An.
260 _aLas PiƱas City, Philippines :
_bSouthville International School and Colleges,
_c2009.
300 _a40 pages :
_billustrations ;
_c28 cm.
504 _aIncludes bibliographical references.
650 _aParent and child
_xCross-cultural studies.
650 _aParent and child
_zKorea.
650 _aParent and child
_zPhilippines.
942 _2lcc
_cPASS
999 _c98229
_d98229